|
|
|
|
| LEADER |
01771nam a2200337 a 4500 |
| 001 |
GR-MES2813 |
| 008 |
991111s1991 gr 000 0 gre d |
| 020 |
|
|
|a 9604052926
|
| 040 |
|
|
|a GrPaTEI
|b gre
|c GR-PaULI
|
| 245 |
0 |
0 |
|a Ασκήσεις μηχανουργικής τεχνολογίας.
|
| 250 |
|
|
|a 3η
|
| 260 |
|
|
|a Αθήνα :
|b Ιων,
|c 1991
|
| 300 |
|
|
|a 272σελ. :
|b σχημ.,εικ.
|
| 650 |
|
4 |
|a Ασκήσεις
|
| 650 |
|
4 |
|a Μέταλλα
|
| 650 |
|
4 |
|a ΜΕΤΑΛΛΙΚΕΣ ΚΑΤΑΣΚΕΥΕΣ
|
| 650 |
|
4 |
|a ΜΗΧΑΝΟΥΡΓΙΚΗ ΤΕΧΝΟΛΟΓΙΑ
|
| 700 |
1 |
|
|a Κατσικάς, Α. Γ.
|
| 700 |
1 |
|
|a Κυρίτσης, Α. Ν.
|
| 700 |
1 |
|
|a Ματσούκα, Κ.
|
| 700 |
1 |
|
|a Παρίκος, Γιώργος Ι.
|
| 700 |
1 |
|
|a Παρίκος, Νίκος Ι.
|
| 700 |
1 |
|
|a Πούλος, Χρήστος Ζ.
|
| 700 |
1 |
|
|a Τσέας, Γ.
|
| 942 |
|
|
|2 ddc
|
| 952 |
|
|
|0 0
|1 0
|2 ddc
|4 0
|6 621_800000000000000_ΠΑΡ
|7 0
|9 267247
|a MSLG
|b MSLG
|c BSC
|d 2021-01-17
|e 24
|f 0
|g 0.00
|l 0
|o 621.8 ΠΑΡ
|p 2420000007451
|r 2021-01-17 00:00:00
|t 1
|w 2021-01-17
|y BK15
|x 19991111 0 1
|x GrPaTEI
|
| 952 |
|
|
|0 0
|1 0
|2 ddc
|4 0
|6 621_800000000000000_ΠΑΡ
|7 0
|9 267248
|a MSLG
|b MSLG
|c BSC
|d 2021-01-17
|e 24
|f 0
|g 0.00
|l 0
|o 621.8 ΠΑΡ
|p 2420000007499
|r 2021-01-17 00:00:00
|t 1
|w 2021-01-17
|y BK15
|x 19991111 0 1
|x GrPaTEI
|
| 952 |
|
|
|0 0
|1 0
|2 ddc
|4 0
|6 621_800000000000000_ΠΑΡ
|7 0
|9 267249
|a MSLG
|b MSLG
|c BSC
|d 2021-01-17
|e 24
|f 0
|g 0.00
|l 0
|o 621.8 ΠΑΡ
|p 2420000014931
|r 2021-01-17 00:00:00
|t 1
|w 2021-01-17
|y 7
|x 19991214 0 1
|x GrPaTEI
|
| 952 |
|
|
|0 0
|1 0
|2 ddc
|4 0
|6 621_800000000000000_ΠΑΡ
|7 0
|9 267252
|a MSLG
|b MSLG
|c BSC
|d 2021-01-17
|e 24
|f 0
|g 0.00
|l 0
|o 621.8 ΠΑΡ
|p 2420000014934
|r 2021-01-17 00:00:00
|t 1
|w 2021-01-17
|y 7
|x 19991214 0 1
|x GrPaTEI
|
| 971 |
|
|
|a .b25738586
|b 15-04-20
|c 13-09-16
|
| 999 |
|
|
|c 153851
|d 153851
|